Normal view
MARC view
Entry Nombre personal
001 - NÚMERO DE CONTROL
- campo de control: 974
003 - IDENTIFICADOR DE NÚMERO DE CONTROL
- campo de control: DLC
005 - FECHA Y HORA DE LA ÚLTIMA TRANSACCIÓN
- campo de control: 20260326151807.0
008 - ELEMENTOS DE DATO DE LONGITUD-FIJA
- campo de control de longitud fija: 890314n| acannaab| |a aaa |||
010 ## - NÚMERO DE CONTROL DE LA BIBLIOTECA DEL CONGRESO
- Número de control de LC: n 89615106
040 ## - FUENTE DE CATALOGACIÓN
- Centro catalogador/agencia de origen: DLC
- Centro/agencia transcriptor: DLC
- Centro/agencia modificador: DLC
100 10 - ENCABEZAMIENTO-NOMBRE DE PERSONA
- Nombre de persona: Le Poulichet, Sylvie
400 10 - TRAZADO DE VÉASE--NOMBRE DE PERSONA
- Nombre de persona: Poulichet, Sylvie Le
670 ## - FUENTE DE DATOS ENCONTRADOS
- Cita de la fuente: Her Toxicomanies et psychanalyse, c1987:
- Información encontrada: t.p. (Sylvie Le Poulichet) cover p. 4 (psychanalyste; docteur en psychanalyse et chargée d'enseignement à l'Université Paris VII)